000 00456nam a2200181Ia 4500
001 315
005 20260306140508.0
008 260306t2013||||xx |||||||||||||| ||spa||
041 _aESP
082 _a101
_bB25
100 _aBarrio Maestre, José María
_eAUT
245 0 _aEl Dios de los filósofos :
_bcurso elemental de filosofía
260 _c2013
300 _a251 páginas :
_c19 cm.
650 _aGEN
654 _aCHU
942 _cLIB
_dJUS
_fJUS
_2ddc
_n
999 _c315
_d315